Física Principios con Aplicaciones

Bibliographic Details
Main Author: Giancoli, Douglas C.
Format: Section = Libro
Language:Undetermined
Spanish
Published: México Pearson Educación 2007
Edition:6a.ed.
Subjects:
LEADER 00590nam a2200229Ia 4500
008 241007s9999||||xx |||||||||||||| ||und||
020 |a 970-26-0777-9 
040 |a BIBLIOTECA-RURC/ 530 G433 
041 |a spa 
082 |a 530 G433 
100 1 |a Giancoli, Douglas C. 
245 1 0 |a Física Principios con Aplicaciones 
250 |a 6a.ed. 
260 |a México  |b Pearson Educación  |c 2007 
300 |a 631 p. :il. 
650 7 |a CINEMATICA 
650 7 |b  DINAMICA 
650 7 |c  MOVIMIENTOS CIRCULARES Y GRAVITACION 
650 7 |d  FLUIDOS. 
942 |c BK  |2 ddc 
991 |a TEXTO 
999 |c 14398